000 02772cam a2200469 i 4500
001 on1265043910
003 OCoLC
005 20220208165626.0
008 210825t20212021nyua j b 000 0 eng d
010 _a 2020949333
020 _a9780062915641
_q(hardcover) :
_c$19.99
020 _a0062915649
_q(hardcover)
035 _a(OCoLC)1265043910
040 _aLPU
_beng
_erda
_cLPU
_dOCLCO
_dGO3
_dILC
_dOQX
_dVP@
_dOCLCF
_dUAP
_dIBI
_dUKMGB
_dYEQ
_dACN
_dUPB
043 _af------
_an-us---
050 4 _aE185
_b.Z636 2021
082 0 4 _a973/.0496073
_223
082 0 4 _a394.2612
_223
092 _achildrens nonfiction
_bZoboi
100 1 _aZoboi, Ibi Aanu,
_eauthor.
_96372687
245 1 4 _aThe people remember /
_cby Ibi Zoboi ; illustrated by Loveis Wise.
250 _aFirst edition.
264 1 _aNew York,
_bBalzer + Bray, an imprint of HarperCollins Publishers,
_c[2021]
264 4 _c©2021
300 _a64 unnumbered pages :
_bcolor illustrations ;
_c29 cm
336 _atext
336 _astill image
337 _aunmediated
338 _avolume
504 _aIncludes bibliographical references.
520 _a"The People Remember tells the journey of African descendants in America by connecting their history to the seven principles of Kwanzaa. It begins in Africa, where people were taken from their homes and families. They spoke different languages and had different customs. Yet they were bound and chained together and forced onto ships sailing into an unknown future. Ultimately, all these people had to learn one common language and create a culture that combined their memories of home with new traditions that enabled them to thrive in this new land. Sumptuously illustrated, this is an important book to read as a family--a story young readers can visit over and over again to deepen their understanding of African American history in relation to their own lives and current social justice movements. By turns powerful and revealing, this is a lyrical narrative that tells the story of survival, as well as the many moments of joy, celebration, and innovation of Black people in America."--
583 _aJcat
_c20211116
_kpjr
_5UPB
586 _aCoretta Scott King Author Honor Book, 2022
650 0 _aKwanzaa
_vJuvenile literature.
_95735967
650 0 _aCoretta Scott King Author Award
_96439412
650 0 _aAfrican Americans
_zAfrica
_xHistory
_vJuvenile literature.
_96440308
650 0 _aAfrican Americans
_zUnited States
_xHistory
_vJuvenile literature.
_96440309
650 0 _aChildren's poetry
_vJuvenile literature.
_95675892
650 0 _aMulticulturalism
_vJuvenile literature.
_96428217
700 1 _aWise, Loveis,
_eillustratror.
_96440310
942 _2ddc
_cBOOK
999 _c370182
_d370182